[Event "21. Open Cappelle la Grande"]
[Site "Cappelle la Grande FRA"]
[Date "2005.02.17"]
[Round "7"]
[White "Vovk, Yuri"]
[Black "Lagunes, Jean Renaud"]
[Result "1-0"]
[WhiteElo "2420"]
[BlackElo "2130"]
[PlyCount "55"]
[EventDate "2005.02.12"]
[EventType "swiss"]
[EventRounds "9"]
[EventCountry "FRA"]
[Source "lmi"]
[SourceDate "2005.02.18"]

1. e4 d5 2. exd5 Qxd5 3. Nc3 Qa5 4. d4 Nf6 5. Nf3 Bf5 6. Bd2 e6 7. Ne5 Qb6 8.
Qf3 Bb4 9. O-O-O c6 10. Re1 Qxd4 11. Qxf5 Qxd2+ 12. Kxd2 Bxc3+ 13. Kxc3 exf5
14. Ng6+ Ne4+ 15. Rxe4+ fxe4 16. Nxh8 b5 17. g4 Ke7 18. Bg2 Na6 19. Nxf7 Kxf7
20. Bxe4 Rd8 21. h4 c5 22. b3 b4+ 23. Kb2 Rd2 24. Bxh7 g6 25. h5 gxh5 26. Rxh5
Rxf2 27. Bd3 Nc7 28. Rh7+ 1-0

[Event "21. Open Cappelle la Grande"]
[Site "Cappelle la Grande FRA"]
[Date "2005.02.17"]
[Round "7"]
[White "Vozovic, Oksana"]
[Black "Socko, Monika"]
[Result "0-1"]
[WhiteElo "2301"]
[BlackElo "2441"]
[PlyCount "50"]
[EventDate "2005.02.12"]
[EventType "swiss"]
[EventRounds "9"]
[EventCountry "FRA"]
[Source "lmi"]
[SourceDate "2005.02.18"]

1. e4 g6 2. d4 d6 3. Nc3 Bg7 4. h3 a6 5. Be3 b5 6. a3 Nd7 7. f4 Bb7 8. Nf3 c5
9. Bd3 cxd4 10. Nxd4 Ngf6 11. Nf3 Nh5 12. g4 Bxc3+ 13. bxc3 Nhf6 14. g5 Nh5 15.
Rg1 Qc7 16. Bd2 O-O 17. Qe2 Nc5 18. Nd4 e5 19. fxe5 dxe5 20. Nf5 Nf4 21. Nh6+
Kg7 22. Bxf4 exf4 23. O-O-O Qe5 24. Ng4 Qxc3 25. Qf2 Nb3+ 0-1

[Event "21. Open Cappelle la Grande"]
[Site "Cappelle la Grande FRA"]
[Date "2005.02.17"]
[Round "7"]
[White "Vysochin, Spartak"]
[Black "Klovans, Janis"]
[Result "1-0"]
[WhiteElo "2579"]
[BlackElo "2477"]
[PlyCount "73"]
[EventDate "2005.02.12"]
[EventType "swiss"]
[EventRounds "9"]
[EventCountry "FRA"]
[Source "lmi"]
[SourceDate "2005.02.18"]

1. e4 e5 2. Nf3 Nc6 3. Bc4 Nf6 4. d3 Bc5 5. c3 a6 6. O-O d6 7. Bb3 Ba7 8. Nbd2
O-O 9. h3 Be6 10. Re1 Re8 11. Nf1 h6 12. Ng3 d5 13. Qe2 Na5 14. Ba4 b5 15. Bc2
Nc6 16. d4 dxe4 17. Nxe4 Bf5 18. Nxf6+ Qxf6 19. Bxf5 Qxf5 20. dxe5 Rad8 21. Be3
Bxe3 22. Qxe3 Rd5 23. a4 b4 24. Rac1 bxc3 25. bxc3 Qd7 26. c4 Rd3 27. Qe4 Nb4
28. c5 a5 29. c6 Qd5 30. Qf5 Re6 31. Qg4 Rxc6 32. Rxc6 Qxc6 33. Qc8+ Kh7 34.
Qf5+ Qg6 35. Qf4 Nd5 36. Qe4 c6 37. Nh4 1-0

[Event "21. Open Cappelle la Grande"]
[Site "Cappelle la Grande FRA"]
[Date "2005.02.17"]
[Round "7"]
[White "Wang Rui"]
[Black "Kazhgaleyev, Murtas"]
[Result "1/2-1/2"]
[WhiteElo "2478"]
[BlackElo "2613"]
[PlyCount "88"]
[EventDate "2005.02.12"]
[EventType "swiss"]
[EventRounds "9"]
[EventCountry "FRA"]
[Source "lmi"]
[SourceDate "2005.02.18"]

1. d4 Nf6 2. c4 g6 3. Nc3 Bg7 4. e4 d6 5. Be2 O-O 6. Nf3 e5 7. O-O Nc6 8. d5
Ne7 9. b4 a5 10. Ba3 Nd7 11. bxa5 Rxa5 12. Bb4 Ra6 13. a4 Bh6 14. Nd2 f5 15.
Nb3 Nf6 16. c5 fxe4 17. Bxa6 bxa6 18. Na5 Bg4 19. Qe1 Qd7 20. Nxe4 Nxe4 21.
Qxe4 Rf4 22. Qe1 Bf3 23. Ra3 Nf5 24. cxd6 cxd6 25. Rxf3 Rxf3 26. Bd2 Bxd2 27.
Qxd2 Rf4 28. Nc6 Nd4 29. Qa2 Qg4 30. h3 Qe2 31. Qb1 Kg7 32. Nd8 Kh6 33. Ne6
Nxe6 34. dxe6 Qc4 35. e7 Qe6 36. Qb7 Rf7 37. Qxa6 Qxe7 38. Rd1 Qa7 39. Qxa7
Rxa7 40. Rxd6 Rxa4 41. Rd7 g5 42. Rd5 Ra1+ 43. Kh2 e4 44. Re5 Ra4 1/2-1/2

[Event "21. Open Cappelle la Grande"]
[Site "Cappelle la Grande FRA"]
[Date "2005.02.17"]
[Round "7"]
[White "Yevseev, Denis"]
[Black "De la Paz, Frank"]
[Result "1/2-1/2"]
[WhiteElo "2550"]
[BlackElo "2466"]
[PlyCount "61"]
[EventDate "2005.02.12"]
[EventType "swiss"]
[EventRounds "9"]
[EventCountry "FRA"]
[Source "lmi"]
[SourceDate "2005.02.18"]

1. d4 Nf6 2. Nc3 c5 3. d5 d6 4. e4 e5 5. f4 Bg4 6. Bb5+ Nbd7 7. Qd3 exf4 8.
Bxf4 a6 9. Bxd7+ Nxd7 10. h3 Bh5 11. g4 Bg6 12. Qg3 Qa5 13. Nf3 O-O-O 14. O-O
f6 15. a3 Ne5 16. Rab1 h5 17. g5 Nxf3+ 18. Rxf3 h4 19. Qg4+ Kb8 20. Rbf1 Be7
21. Kh2 Be8 22. Be3 Qc7 23. Qg2 Rh5 24. g6 Bd7 25. Ne2 f5 26. c4 Bf6 27. b4 Re8
28. bxc5 dxc5+ 29. Bf4 Be5 30. Kh1 fxe4 31. Bxe5 1/2-1/2

[Event "21. Open Cappelle la Grande"]
[Site "Cappelle la Grande FRA"]
[Date "2005.02.17"]
[Round "7"]
[White "Zelcic, Robert"]
[Black "Abeln, M."]
[Result "1-0"]
[WhiteElo "2514"]
[BlackElo "2330"]
[PlyCount "51"]
[EventDate "2005.02.12"]
[EventType "swiss"]
[EventRounds "9"]
[EventCountry "FRA"]
[Source "lmi"]
[SourceDate "2005.02.18"]

1. e4 c6 2. d4 d5 3. Nc3 dxe4 4. Nxe4 Nf6 5. Nxf6+ gxf6 6. c3 Qd5 7. Be3 Bf5 8.
Nf3 Nd7 9. Nh4 Be4 10. Qe2 e6 11. f3 Bg6 12. g3 Bh5 13. Bg2 Be7 14. g4 f5 15.
Nxf5 exf5 16. gxh5 Rg8 17. O-O-O Qxa2 18. Bh3 Qa1+ 19. Kc2 Qa4+ 20. Kb1 O-O-O
21. Bxf5 Qa5 22. d5 Bd6 23. Qc2 cxd5 24. c4 d4 25. Rxd4 Rg2 26. Bxd7+ 1-0

[Event "21. Open Cappelle la Grande"]
[Site "Cappelle la Grande FRA"]
[Date "2005.02.17"]
[Round "7"]
[White "Zhang Pengxiang"]
[Black "Kryvoruchko, Yuriy"]
[Result "1/2-1/2"]
[WhiteElo "2560"]
[BlackElo "2474"]
[PlyCount "74"]
[EventDate "2005.02.12"]
[EventType "swiss"]
[EventRounds "9"]
[EventCountry "FRA"]
[Source "lmi"]
[SourceDate "2005.02.18"]

1. e4 c5 2. Nf3 Nc6 3. Nc3 Nf6 4. d4 cxd4 5. Nxd4 e5 6. Nf5 d5 7. exd5 Bxf5 8.
dxc6 Qxd1+ 9. Nxd1 bxc6 10. Ne3 Bg6 11. Be2 O-O-O 12. Bd2 Bc5 13. Ba5 Rd7 14.
Ng4 Nxg4 15. Bxg4 f5 16. Be2 Rd5 17. Bc3 Bd4 18. Bxd4 Rxd4 19. Rd1 Rhd8 20.
Rxd4 Rxd4 21. g3 Bf7 22. a3 Bc4 23. Bxc4 Rxc4 24. c3 Kd7 25. Kd2 Rc5 26. b4
Rd5+ 27. Kc2 Ke6 28. c4 Rd7 29. Rb1 e4 30. b5 Rd4 31. Kc3 c5 32. a4 Rd3+ 33.
Kc2 Ra3 34. Rd1 Ra2+ 35. Kb3 Rxf2 36. a5 Rf3+ 37. Kb2 Rf2+ 1/2-1/2

[Event "21. Open Cappelle la Grande"]
[Site "Cappelle la Grande FRA"]
[Date "2005.02.17"]
[Round "7"]
[White "Zimmerman, Yuri"]
[Black "Vuckovic, Bojan"]
[Result "0-1"]
[WhiteElo "2363"]
[BlackElo "2525"]
[PlyCount "58"]
[EventDate "2005.02.12"]
[EventType "swiss"]
[EventRounds "9"]
[EventCountry "FRA"]
[Source "lmi"]
[SourceDate "2005.02.18"]

1. d4 Nf6 2. c4 c5 3. d5 b5 4. cxb5 a6 5. e3 g6 6. Nc3 Bg7 7. a4 O-O 8. Bc4 d6
9. Nge2 Nbd7 10. Ra3 Nb6 11. b3 axb5 12. Bxb5 Bb7 13. e4 Qc8 14. O-O Ba6 15. f3
Ne8 16. Bg5 Bxb5 17. Nxb5 Nc7 18. Nec3 Nxb5 19. Nxb5 Qd7 20. Qe2 Rfb8 21. Bc1
c4 22. bxc4 Qc8 23. Be3 Qxc4 24. Qf2 Nxa4 25. Nd4 Nc3 26. Rxa8 Rxa8 27. Re1
Bxd4 28. Bxd4 Ra2 29. Qe3 Ne2+ 0-1

[Event "21. Open Cappelle la Grande"]
[Site "Cappelle la Grande FRA"]
[Date "2005.02.18"]
[Round "8"]
[White "Alexandrova, Olga"]
[Black "Delchev, Aleksander"]
[Result "0-1"]
[WhiteElo "2400"]
[BlackElo "2597"]
[PlyCount "124"]
[EventDate "2005.02.12"]
[EventType "swiss"]
[EventRounds "9"]
[EventCountry "FRA"]
[Source "lmi"]
[SourceDate "2005.02.18"]

1. d4 Nf6 2. c4 e6 3. Nf3 d5 4. e3 a6 5. Nc3 dxc4 6. Bxc4 b5 7. Be2 Bb7 8. O-O
Nbd7 9. a3 c5 10. dxc5 Bxc5 11. b4 Be7 12. Bb2 O-O 13. Qb3 Bd6 14. Rfd1 Qe7 15.
Rac1 Rac8 16. Nb1 Bd5 17. Qd3 Bb8 18. Nbd2 Rcd8 19. Qb1 e5 20. e4 Bb7 21. Bd3
Nh5 22. g3 Qf6 23. Bf1 Ba7 24. Bg2 Qb6 25. Rf1 Rfe8 26. Nb3 Nhf6 27. Nc5 Nxc5
28. bxc5 Qc7 29. c6 Bc8 30. Qa1 Ng4 31. h3 Nxf2 32. Rxf2 Bxf2+ 33. Kxf2 Qb6+
34. Ke2 f6 35. Rc2 Be6 36. Nd2 Rd6 37. c7 Rc8 38. Qc1 Qb7 39. Bc3 Qxc7 40. Bb4
Qxc2 41. Qxc2 Rxc2 42. Bxd6 a5 43. Kd1 Rc6 44. Be7 Kf7 45. Bd8 b4 46. axb4 axb4
47. Ba5 b3 48. Bf1 b2 49. Bd3 Rc1+ 50. Ke2 Ba2 51. Bb6 b1=Q 52. Bxb1 Bxb1 53.
Be3 Bc2 54. Kf2 Bd3 55. Kf3 h5 56. h4 Re1 57. Kf2 Re2+ 58. Kf3 Kg6 59. Nb3 Rh2
60. Bg1 Rb2 61. Nc5 Be2+ 62. Ke3 Bg4 0-1

[Event "21. Open Cappelle la Grande"]
[Site "Cappelle la Grande FRA"]
[Date "2005.02.18"]
[Round "8"]
[White "Amigues, Emmanuel"]
[Black "Cyborowski, Lukasz"]
[Result "0-1"]
[WhiteElo "2349"]
[BlackElo "2564"]
[PlyCount "86"]
[EventDate "2005.02.12"]
[EventType "swiss"]
[EventRounds "9"]
[EventCountry "FRA"]
[Source "lmi"]
[SourceDate "2005.02.18"]

1. d4 Nf6 2. c4 e6 3. Nf3 d5 4. Nc3 c5 5. cxd5 Nxd5 6. e4 Nxc3 7. bxc3 cxd4 8.
cxd4 Bb4+ 9. Bd2 Bxd2+ 10. Qxd2 O-O 11. Bc4 b6 12. O-O Nd7 13. Rfe1 Bb7 14. Re3
Rc8 15. Bd3 Qe7 16. Qb2 Nf6 17. Nd2 Rfd8 18. Rh3 h6 19. Rg3 Nh5 20. Re3 Qd6 21.
Nf3 Qc7 22. Rd1 Nf6 23. Bb1 a6 24. h3 b5 25. Nh2 Qb6 26. Ng4 Nxg4 27. hxg4 Rd7
28. Re2 Rcd8 29. Red2 Bc6 30. Qc3 b4 31. Qc2 g6 32. d5 exd5 33. e5 Re8 34. Rd4
Rxe5 35. Qd2 a5 36. Qxh6 Ba4 37. Rc1 Rde7 38. Qd2 Re2 39. Rc8+ Be8 40. Qf4 Re1+
41. Kh2 Rxb1 42. Rxd5 Rbe1 43. Rd3 Qb5 0-1

[Event "21. Open Cappelle la Grande"]
[Site "Cappelle la Grande FRA"]
[Date "2005.02.18"]
[Round "8"]
[White "Baklan, Vladimir"]
[Black "Szelag, Marcin"]
[Result "1/2-1/2"]
[WhiteElo "2578"]
[BlackElo "2474"]
[PlyCount "136"]
[EventDate "2005.02.12"]
[EventType "swiss"]
[EventRounds "9"]
[EventCountry "FRA"]
[Source "lmi"]
[SourceDate "2005.02.18"]

1. e4 e6 2. d4 d5 3. Nd2 c5 4. Ngf3 Nc6 5. Bb5 cxd4 6. Nxd4 Bd7 7. Nxc6 Bxc6 8.
Bxc6+ bxc6 9. c4 Nf6 10. Qa4 Qc7 11. cxd5 exd5 12. O-O Be7 13. exd5 Nxd5 14.
Nf3 O-O 15. Bd2 Bf6 16. Rab1 Rab8 17. b3 Rfe8 18. Rbc1 Re6 19. Rfe1 Rxe1+ 20.
Rxe1 h6 21. Rc1 Rc8 22. h3 Qd7 23. Qa6 Rc7 24. Ba5 Rc8 25. Rd1 Rb8 26. Rc1 Rc8
27. Qc4 Nb6 28. Qg4 Qxg4 29. hxg4 Nd5 30. Kf1 Kf8 31. Nd2 Ke7 32. Ne4 Bd4 33.
Bd2 Kd7 34. Ng3 Re8 35. Nf5 Bf6 36. Rc4 Nb6 37. Rc5 Re5 38. Rc2 Nd5 39. Ne3
Nxe3+ 40. Bxe3 Ra5 41. a4 Be7 42. Bd4 Bf8 43. Ke2 a6 44. Kd3 h5 45. gxh5 Rxh5
46. Kc4 Rh4 47. g3 Rg4 48. Kd3 Rg5 49. Rc1 Rh5 50. Kc4 c5 51. Bc3 g6 52. Rd1+
Kc6 53. Rd8 Bd6 54. Ra8 Kb7 55. Rg8 Kc6 56. Rg7 Rf5 57. f4 g5 58. fxg5 Bxg3 59.
Bf6 Bh4 60. Rg8 Rf4+ 61. Kd3 Rf3+ 62. Kc2 Rf2+ 63. Kd1 Rf3 64. Rh8 Rf4 65. Ke2
Kd5 66. Rd8+ Ke4 67. Re8+ Kd5 68. Rb8 Rb4 1/2-1/2

[Event "21. Open Cappelle la Grande"]
[Site "Cappelle la Grande FRA"]
[Date "2005.02.18"]
[Round "8"]
[White "Bobras, Piotr"]
[Black "Magomedov, Magaram"]
[Result "1-0"]
[WhiteElo "2481"]
[BlackElo "2575"]
[PlyCount "73"]
[EventDate "2005.02.12"]
[EventType "swiss"]
[EventRounds "9"]
[EventCountry "FRA"]
[Source "lmi"]
[SourceDate "2005.02.18"]

1. e4 e5 2. Nf3 Nc6 3. Bb5 Bc5 4. c3 d6 5. d4 exd4 6. cxd4 Bb4+ 7. Bd2 Bxd2+ 8.
Nbxd2 Bd7 9. d5 Nce7 10. Qb3 c6 11. dxc6 bxc6 12. Bc4 Nh6 13. O-O O-O 14. h3
Kh8 15. Qa3 c5 16. Rad1 f5 17. e5 Bc6 18. exd6 Qxd6 19. Rfe1 Ng6 20. Re6 Qd7
21. Rde1 Bd5 22. Rxg6 Bxf3 23. Rxh6 Qxd2 24. Rhe6 Be4 25. Qc3 Qxc3 26. bxc3
Rad8 27. Re5 h6 28. Re3 Rd1+ 29. Kh2 Rd2 30. f3 Bb1 31. Re2 Rxe2 32. Rxe2 Rd8
33. Rb2 Rd1 34. h4 Bd3 35. Rb8+ Kh7 36. Rd8 Bc2 37. Bg8+ 1-0

[Event "21. Open Cappelle la Grande"]
[Site "Cappelle la Grande FRA"]
[Date "2005.02.18"]
[Round "8"]
[White "De la Paz, Frank"]
[Black "Shneider, Aleksandr"]
[Result "0-1"]
[WhiteElo "2466"]
[BlackElo "2528"]
[PlyCount "92"]
[EventDate "2005.02.12"]
[EventType "swiss"]
[EventRounds "9"]
[EventCountry "FRA"]
[Source "lmi"]
[SourceDate "2005.02.18"]

1. e4 c5 2. Nf3 d6 3. d4 cxd4 4. Nxd4 Nf6 5. Nc3 a6 6. Be3 e5 7. Nb3 Be6 8. f3
Nbd7 9. g4 Nb6 10. g5 Nh5 11. Qd2 Be7 12. O-O-O O-O 13. Kb1 Rc8 14. Rg1 g6 15.
h4 Qc7 16. Qf2 Nc4 17. Bxc4 Bxc4 18. Bb6 Qb8 19. Na5 Be6 20. Qd2 Kh8 21. Nd5
Bxd5 22. Qxd5 Nf4 23. Qb3 f6 24. Nc4 Rc6 25. Ne3 fxg5 26. hxg5 Qe8 27. c4 Ne6
28. Nd5 Bxg5 29. Rg3 Qf7 30. Rh1 Rfc8 31. Be3 Bxe3 32. Qxe3 Nf4 33. Rg4 Rf8 34.
b3 Nxd5 35. cxd5 Rc7 36. Rg3 Qd7 37. Rgh3 Rf6 38. Rh4 Qe8 39. Qb6 Rcf7 40. R4h3
Qf8 41. Kb2 Kg8 42. a4 Qc8 43. Qe3 b5 44. axb5 axb5 45. Qc3 Qb8 46. R3h2 Rxf3
0-1

[Event "21. Open Cappelle la Grande"]
[Site "Cappelle la Grande FRA"]
[Date "2005.02.18"]
[Round "8"]
[White "Fridman, Daniel"]
[Black "Ciuksyte, Dagne"]
[Result "1-0"]
[WhiteElo "2569"]
[BlackElo "2360"]
[PlyCount "53"]
[EventDate "2005.02.12"]
[EventType "swiss"]
[EventRounds "9"]
[EventCountry "FRA"]
[Source "lmi"]
[SourceDate "2005.02.18"]

1. c4 c5 2. Nf3 Nf6 3. Nc3 e6 4. e3 Be7 5. d4 cxd4 6. exd4 d5 7. cxd5 Nxd5 8.
Bd3 Nc6 9. O-O O-O 10. Re1 Nf6 11. a3 b6 12. Bg5 Bb7 13. Qd2 g6 14. Bc2 Rc8 15.
Rad1 Re8 16. h4 Na5 17. Ba4 Bc6 18. Bxc6 Nxc6 19. Ne5 Nd5 20. Nxd5 Qxd5 21. Ng4
h5 22. Bxe7 hxg4 23. Bf6 Qf5 24. Qg5 Qxg5 25. hxg5 Ne7 26. Re4 Nf5 27. Rxg4 1-0

[Event "21. Open Cappelle la Grande"]
[Site "Cappelle la Grande FRA"]
[Date "2005.02.18"]
[Round "8"]
[White "Genov, Petar"]
[Black "Zhang Pengxiang"]
[Result "1/2-1/2"]
[WhiteElo "2470"]
[BlackElo "2560"]
[PlyCount "147"]
[EventDate "2005.02.12"]
[EventType "swiss"]
[EventRounds "9"]
[EventCountry "FRA"]
[Source "lmi"]
[SourceDate "2005.02.18"]

1. d4 d5 2. c4 dxc4 3. Nf3 Nf6 4. Nc3 a6 5. e4 b5 6. e5 Nd5 7. a4 Bb7 8. e6
fxe6 9. g3 Nb4 10. Be2 Nd3+ 11. Bxd3 cxd3 12. axb5 axb5 13. Rxa8 Bxa8 14. O-O
b4 15. Ne5 bxc3 16. Qa4+ Bc6 17. Nxc6 Qd7 18. Qa8 Qxc6 19. Qxb8+ Kf7 20. bxc3
Qxc3 21. Be3 g6 22. Rc1 Bg7 23. Qb7 Qa5 24. Rxc7 Bf6 25. Rc1 Rd8 26. Rd1 Qd5
27. Qxd5 Rxd5 28. Kg2 Bxd4 29. Rxd3 Bxe3 30. Rxe3 e5 31. h4 h5 32. Rf3+ Ke6 33.
Rf8 e4 34. Rg8 Kf7 35. Ra8 Rd3 36. Ra4 e3 37. Rf4+ Ke8 38. fxe3 Rxe3 39. g4
hxg4 40. Rxg4 Kf7 41. Kf2 Ra3 42. Rf4+ Ke6 43. Rf8 Rh3 44. Rh8 Kf5 45. Kg2 Kg4
46. Rh6 Rg3+ 47. Kh2 Kf4 48. Rh7 Re3 49. Rg7 Kf5 50. Kg2 e5 51. Kf2 Rh3 52.
Rf7+ Ke4 53. Rf6 Rh2+ 54. Kf1 Rxh4 55. Rxg6 Kf3 56. Rf6+ Ke3 57. Ra6 Rh1+ 58.
Kg2 Rd1 59. Ra3+ Rd3 60. Ra1 Ke2 61. Ra5 e4 62. Ra4 e3 63. Ra1 Rd1 64. Ra2+ Rd2
65. Ra1 Rc2 66. Kg3 Rc3 67. Kg2 Kd2 68. Kf3 e2+ 69. Kf2 Ra3 70. Rb1 Rh3 71.
Rb2+ Kd1 72. Rb1+ Kc2 73. Rb8 Kd2 74. Rd8+ 1/2-1/2

[Event "21. Open Cappelle la Grande"]
[Site "Cappelle la Grande FRA"]
[Date "2005.02.18"]
[Round "8"]
[White "Gormally, Daniel"]
[Black "Jaracz, Pawel"]
[Result "1/2-1/2"]
[WhiteElo "2472"]
[BlackElo "2532"]
[PlyCount "49"]
[EventDate "2005.02.12"]
[EventType "swiss"]
[EventRounds "9"]
[EventCountry "FRA"]
[Source "lmi"]
[SourceDate "2005.02.18"]

1. e4 c6 2. d4 d5 3. e5 Bf5 4. Be3 e6 5. Nd2 Nd7 6. Nb3 h5 7. Be2 h4 8. Nf3 Be7
9. O-O Nh6 10. Ne1 Bg6 11. Bxh6 Rxh6 12. Bd3 Bh5 13. Be2 Bg6 14. Nd3 Bxd3 15.
Bxd3 c5 16. c4 dxc4 17. Bxc4 Qb6 18. Qe2 cxd4 19. Rad1 O-O-O 20. Rxd4 Nc5 21.
Rxd8+ Bxd8 22. Rc1 Kb8 23. Nxc5 Qxc5 24. Qd2 Bb6 25. Bxe6 1/2-1/2

[Event "21. Open Cappelle la Grande"]
[Site "Cappelle la Grande FRA"]
[Date "2005.02.18"]
[Round "8"]
[White "Gouliev, Namig"]
[Black "Muzychuk, Anna"]
[Result "1-0"]
[WhiteElo "2514"]
[BlackElo "2387"]
[PlyCount "79"]
[EventDate "2005.02.12"]
[EventType "swiss"]
[EventRounds "9"]
[EventCountry "FRA"]
[Source "lmi"]
[SourceDate "2005.02.18"]

1. e4 c5 2. Nf3 e6 3. d4 cxd4 4. Nxd4 a6 5. Bd3 Bc5 6. Nb3 Ba7 7. O-O Nc6 8. c4
d6 9. Nc3 Nge7 10. Qe2 e5 11. Be3 Be6 12. Rfd1 O-O 13. Bxa7 Rxa7 14. Qe3 Qb8
15. Rac1 b5 16. cxb5 axb5 17. Bxb5 Nb4 18. Rd2 Nxa2 19. Nxa2 Rxa2 20. Bc4 Bxc4
21. Rxc4 f5 22. h3 fxe4 23. Rxe4 Nf5 24. Qd3 Qb7 25. Re1 Ra4 26. Rc1 Rb4 27.
Na5 Qb5 28. Qxb5 Rxb5 29. Nc6 Rb3 30. Rc4 Kf7 31. f4 Ne3 32. Ra4 Ke6 33. fxe5
Rf1+ 34. Kh2 dxe5 35. Re4 Re1 36. Rxe5+ Kf7 37. Re7+ Kg6 38. Rd6+ Kh5 39. Re5+
g5 40. g4+ 1-0

[Event "21. Open Cappelle la Grande"]
[Site "Cappelle la Grande FRA"]
[Date "2005.02.18"]
[Round "8"]
[White "Klovans, Janis"]
[Black "Olszewski, Michal"]
[Result "1-0"]
[WhiteElo "2477"]
[BlackElo "2339"]
[PlyCount "93"]
[EventDate "2005.02.12"]
[EventType "swiss"]
[EventRounds "9"]
[EventCountry "FRA"]
[Source "lmi"]
[SourceDate "2005.02.18"]

1. e4 e5 2. Nf3 Nc6 3. Bb5 a6 4. Ba4 Nf6 5. O-O Be7 6. Re1 b5 7. Bb3 d6 8. c3
O-O 9. h3 Bb7 10. d4 Qd7 11. Nbd2 Rad8 12. Bc2 Rfe8 13. d5 Nb8 14. b3 c6 15. c4
a5 16. cxb5 cxd5 17. a4 Rc8 18. Bb2 Bd8 19. Rc1 Bb6 20. exd5 Bxd5 21. Nc4 Bxc4
22. bxc4 Qa7 23. Re2 Rcd8 24. Ng5 Nbd7 25. Ne4 Nxe4 26. Bxe4 Re6 27. Qc2 h6 28.
Rd1 Rf6 29. Bc1 Nc5 30. Bd5 Qd7 31. Be3 Qf5 32. Be4 Qd7 33. Red2 Qc7 34. Bd5
Qa7 35. Kh1 Nd7 36. Bc6 Nc5 37. Rd5 Ne6 38. c5 dxc5 39. Rxd8+ Bxd8 40. Bxc5 Bb6
41. Rd7 Qxd7 42. Bxd7 Nxc5 43. Bc6 Rf4 44. Bd5 Rd4 45. Qg6 Rxd5 46. Qxb6 Nxa4
47. Qxa5 1-0

[Event "21. Open Cappelle la Grande"]
[Site "Cappelle la Grande FRA"]
[Date "2005.02.18"]
[Round "8"]
[White "Komora, Andrej"]
[Black "Marcelin, Cyril"]
[Result "1-0"]
[WhiteElo "2319"]
[BlackElo "2464"]
[PlyCount "89"]
[EventDate "2005.02.12"]
[EventType "swiss"]
[EventRounds "9"]
[EventCountry "FRA"]
[Source "lmi"]
[SourceDate "2005.02.18"]

1. e4 c6 2. d4 d5 3. e5 Bf5 4. Nf3 e6 5. Be2 Nd7 6. O-O Ne7 7. c3 h6 8. Be3 Bh7
9. g4 g5 10. Ne1 Ng6 11. Ng2 Be7 12. Nd2 f6 13. exf6 Bxf6 14. f4 Qe7 15. f5
exf5 16. gxf5 Nh4 17. Bh5+ Kf8 18. Qc2 Nxg2 19. Kxg2 Kg7 20. Rae1 Qd8 21. Kh1
Rf8 22. Nf3 Kh8 23. Bg1 Qc7 24. Ne5 Kg8 25. h3 Nxe5 26. Bh2 Rae8 27. Bxe8 Rxe8
28. Qe2 Qd7 29. dxe5 Bxf5 30. Qf2 Be4+ 31. Rxe4 dxe4 32. Qxf6 Qg7 33. Qxg7+
Kxg7 34. Kg2 Rd8 35. Rf2 Rd1 36. e6 e3 37. Re2 Kf6 38. Rxe3 Rd2+ 39. Kf1 Ke7
40. Re2 Rd3 41. Kg2 h5 42. Bb8 a5 43. Ba7 Rd5 44. b4 axb4 45. cxb4 1-0

[Event "21. Open Cappelle la Grande"]
[Site "Cappelle la Grande FRA"]
[Date "2005.02.18"]
[Round "8"]
[White "Kruppa, Yuri"]
[Black "Shaw, John"]
[Result "1-0"]
[WhiteElo "2553"]
[BlackElo "2445"]
[PlyCount "156"]
[EventDate "2005.02.12"]
[EventType "swiss"]
[EventRounds "9"]
[EventCountry "FRA"]
[Source "lmi"]
[SourceDate "2005.02.18"]

1. d4 d5 2. c4 c6 3. Nc3 Nf6 4. e3 Bg4 5. f3 Bd7 6. Bd3 e6 7. Nge2 c5 8. cxd5
exd5 9. O-O Nc6 10. Kh1 Be7 11. dxc5 Bxc5 12. Bc2 Be6 13. Nf4 Qd7 14. a3 O-O
15. b4 Bd6 16. Nce2 Be5 17. Rb1 Bf5 18. Bxf5 Qxf5 19. Qd3 Qxd3 20. Nxd3 Bd6 21.
Rd1 Rad8 22. Kg1 Rfe8 23. Kf2 h5 24. Bb2 Ne5 25. Nxe5 Bxe5 26. Bxe5 Rxe5 27.
Rbc1 Rde8 28. Rd3 R8e7 29. Rc8+ Kh7 30. Nc3 h4 31. Nb5 a6 32. Nd4 Ne8 33. Rc5
Nf6 34. Ne2 g5 35. h3 Rf5 36. Ke1 Rfe5 37. Kd2 Kg6 38. a4 Kg7 39. a5 Kg6 40.
Nd4 Nh5 41. Ne2 Nf4 42. Nxf4+ gxf4 43. Rcxd5 fxe3+ 44. Ke2 Rxd5 45. Rxd5 f5 46.
f4 Re4 47. Rd6+ Kh5 48. Rb6 Rxf4 49. Kxe3 Re4+ 50. Kf3 Kg5 51. Rxb7 Re1 52.
Rg7+ Kf6 53. Ra7 Re6 54. Rb7 Re4 55. Rb6+ Kg5 56. Rxa6 Rxb4 57. Ra8 Rb3+ 58.
Kf2 Kf4 59. a6 Rb2+ 60. Kg1 Rb1+ 61. Kh2 Ra1 62. a7 Ra2 63. Kg1 Ra1+ 64. Kf2
Ra2+ 65. Ke1 Ra1+ 66. Kd2 Ra2+ 67. Kc3 Ra3+ 68. Kc4 Ra1 69. Kd5 Ra5+ 70. Kc6
Ra1 71. Kd7 Ra2 72. Ke6 Ra6+ 73. Kf7 Ra2 74. Kf6 Ra6+ 75. Ke7 Ra2 76. Ke6 Ra6+
77. Kd5 Ra5+ 78. Kd4 Ra4+ 1-0

[Event "21. Open Cappelle la Grande"]
[Site "Cappelle la Grande FRA"]
[Date "2005.02.18"]
[Round "8"]
[White "Landa, Konstantin"]
[Black "Wang Yu1"]
[Result "1-0"]
[WhiteElo "2574"]
[BlackElo "2390"]
[PlyCount "73"]
[EventDate "2005.02.12"]
[EventType "swiss"]
[EventRounds "9"]
[EventCountry "FRA"]
[Source "lmi"]
[SourceDate "2005.02.18"]

1. c4 e5 2. g3 Nf6 3. Bg2 d5 4. cxd5 Nxd5 5. Nc3 Nb6 6. Nf3 Nc6 7. a3 Be7 8. b4
O-O 9. O-O Be6 10. Rb1 f6 11. d3 Kh8 12. Bb2 a5 13. b5 Nd4 14. Nd2 c6 15. bxc6
Nxc6 16. Na4 Nd7 17. Nc4 Rb8 18. Nc3 Nb6 19. Nxb6 Qxb6 20. Nd5 Qd8 21. Nxe7
Qxe7 22. Qa4 Qd7 23. Qb5 Bg4 24. Rfe1 Rfd8 25. Bc3 Qc7 26. h3 Bd7 27. Qb6 Qd6
28. a4 Be6 29. Bxa5 Bd5 30. Bc3 Bxg2 31. Kxg2 Qd5+ 32. Kg1 f5 33. Rb5 Qe6 34.
Rxe5 Qf7 35. Rc5 Qh5 36. Qc7 Qg6 37. Rxf5 1-0

[Event "21. Open Cappelle la Grande"]
[Site "Cappelle la Grande FRA"]
[Date "2005.02.18"]
[Round "8"]
[White "Lanneau, Bertrand"]
[Black "Dziuba, Marcin"]
[Result "0-1"]
[WhiteElo "2173"]
[BlackElo "2416"]
[PlyCount "56"]
[EventDate "2005.02.12"]
[EventType "swiss"]
[EventRounds "9"]
[EventCountry "FRA"]
[Source "lmi"]
[SourceDate "2005.02.18"]

1. e4 c5 2. Nf3 Nc6 3. d4 cxd4 4. Nxd4 Nf6 5. Nc3 d6 6. Bg5 e6 7. Be2 Be7 8.
Qd2 a6 9. O-O-O Bd7 10. f4 Qc7 11. Bxf6 gxf6 12. f5 O-O-O 13. Bg4 Nxd4 14. Qxd4
Kb8 15. Rhf1 Rc8 16. Kb1 h5 17. Bh3 Rhg8 18. Qd2 Rg5 19. Ne2 Qd8 20. Nf4 Qg8
21. Qe3 Rc5 22. Nd3 Rc7 23. Nf4 Qc8 24. Rd2 Rc5 25. Nd3 Rc4 26. Nf4 Rc5 27. Nd3
Ra5 28. Nf4 Qc4 0-1

[Event "21. Open Cappelle la Grande"]
[Site "Cappelle la Grande FRA"]
[Date "2005.02.18"]
[Round "8"]
[White "Malakhatko, Vadim"]
[Black "Sulava, Nenad"]
[Result "1/2-1/2"]
[WhiteElo "2569"]
[BlackElo "2470"]
[PlyCount "28"]
[EventDate "2005.02.12"]
[EventType "swiss"]
[EventRounds "9"]
[EventCountry "FRA"]
[Source "lmi"]
[SourceDate "2005.02.18"]

1. d4 d5 2. c4 dxc4 3. Nf3 Nf6 4. Nc3 c6 5. a4 Bf5 6. Ne5 Nbd7 7. Nxc4 Nb6 8.
Ne3 Bg6 9. a5 Nbd5 10. a6 b5 11. g3 e6 12. Bg2 Be7 13. Nexd5 cxd5 14. Nxb5 O-O
1/2-1/2